Allgemeinwissen Quiz - Leicht #2 - Statistiken

Allgemein
  • Dieses Quiz wurde 633 mal gespielt
  • Das Durchschnittsergebnis liegt bei 11 aus 15
Antwortstatistiken
Frage Antwort % Korrekt
Welches Körperorgan hat Iris, Pupille und Netzhaut? Auge
100%
Brüssel ist die Hauptstadt von... Belgien
95%
Woher bekommt der Mond sein Licht? Sonne
95%
Wie nennt man Leute, die kein Fleisch, aber Eier und Milchprodukte essen? Vegetarier
95%
Aus welchem Land stammen Tortellini? Italien
94%
Was heißt "Geschäft" oder "Laden" auf Englisch? Shop / Store
89%
So frei wie ein _____ Vogel
87%
Wie heißt die bekannteste Filmstadt der Welt? Hollywood
86%
In welche Ecke des Briefumschlags gehört die Briefmarke? Rechts oben
78%
Was ist Rommé? Kartenspiel
68%
Wie lautet das Substantiv zu "rasieren"? Rasur
65%
Woraus werden Kakao und Schokolade gemacht? Kakaobohnen
62%
Die männliche Ente heißt _____ Erpel
59%
Auf welchem Schiff findet man ein Periskop? U-Boot
48%
Ein anderes Wort für "Fleischbrühe" ist ______ Bouillon
18%
Keine übereinstimmenden Quizze gefunden
Verteilung der Resultate
Anzahl Personen mit jedem Resultat
Perzentil nach korrekt beantworteten Fragen
Ihre Resultats-Entwicklung
Sie haben dieses Quiz noch nicht gespielt